000 00608nam a2200217Ia 4500
001 285
005 20251205091138.0
008 251203t2014||||xx |||||||||||||| ||spa||
020 _a9788416127122
041 _aESP
082 _a917.3
_bB141
100 _aBibb, Elizabeth,
_cAUT
245 0 _aNueva York :
_bentre tierra y cielo
260 _a[Barcelona] :
_bLuppa Solutions,
_c2014
300 _a224 páginas :
_b fotografías ;
_c 20 cm.
650 _aGEH
653 _aNueva York (Estados Unidos) - Fotografía aéreas
654 _aCTP
700 _aYamashita, Michael
_cAUT
942 _cLIB
_dJUS
_fMAT
_2ddc
999 _c285
_d285